Statistiques concernant Pays ayant plusieurs lignes côtières

Cliquez ici pour prendre le quiz!

Statistiques générales

  • Ce quiz a été pris 318 fois
  • Le résultat moyen est 13 sur 22

Statistiques - réponses

Nombre de côtesPaysDétail des côtes% Correct
3FranceCôte Atlantique / Méditerranée : Espagne-Monaco / Monaco-Italie
100%
2Etats-UnisCôte Pacifique / Côte Atlantique
95%
3EspagneFrance-Portugal / Portugal-Gibraltar / Gibraltar-France
90%
2CanadaCôte Pacifique / Côte Arctique-Atlantique
88%
3RussieCôte Pacifique-Arctique / Mer Baltique / Mer Noire
88%
2MexiqueCôte Pacifique / Golfe du Mexique
83%
2PanamaCôte Pacifique / Mer des Caraïbes
73%
2Costa RicaCôte Pacifique / Mer des Caraïbes
67%
2NicaraguaCôte Pacifique / Mer des Caraïbes
65%
3MarocCôte Atlantique / Méditerranée : Ceuta-Melilla / Melilla-Algérie
64%
2EgypteMer Méditerranée / Mer Rouge
63%
2HondurasCôte Pacifique / Mer des Caraïbes
63%
3Arabie SaouditeMer Rouge / Golfe Persique : Koweït-Qatar / Qatar-Emirats
62%
2GuatemalaCôte Pacifique / Mer des Caraïbes
62%
2ColombieCôte Pacifique / Mer des Caraïbes
54%
2AllemagneMer du Nord / Mer Baltique
47%
2ThaïlandeMer d'Andaman / Golfe de Thaïlande
38%
2Corée du NordMer Jaune / Mer du Japon
30%
2IsraëlMer Méditerranée / Golfe d'Aqaba
28%
2UkraineMer Noire / Mer d'Azov (Crimée comptée comme russe)
25%
2SénégalCôte Atlantique : Mauritanie-Gambie / Gambie-Guinée-Bissau
21%
2Emirats Arabes UnisGolfe Persique / Golfe d'Oman (Exclave omanaise de Musandam)
20%

Distribution des résultats

Percentile par nombre de réponses

% des personnes avec chaque résultat

Votre développement - résultats

Vous n’avez pas pris ce quiz